Responses for show #6410 - Friday, June 29, 2012

Contestants

Matt Samberg, an attorney from Pittsburgh, Pennsylvania

Jia-Rui Cook, a media relations specialist and science writer from Los Angeles, California

Anna-Lise Santella, an editor and musicologist from Trout Valley, Illinois (whose 2-day cash winnings total $21,199)

Jeopardy! Round responses

SNAKES ON A PLATE
BASEBALL TEAMS BY STADIUM
A FRENCH TWIST
(Alex: You give an English translation of the French words in the clue.)
FLY GIRLS
HEATED WORDS
HISTORIC DAYS OF OUR LIVES
    $200 7
the adder

Matt
    $200 12
the Boston Red Sox

Jia-Rui
    $200 1
red wine

Matt
    $200 6
(Amelia) Earhart

Matt
    $200 18
fire

Matt
    $200 26
(Alex: And that leader--that infamous man--was [*].)

Vidkun Quisling

Triple Stumper
    $400 8
chicken

Matt
    $400 13
the Chicago Cubs

Matt
    $400 2
a headache

Anna-Lise
    $400 17
stewardess (flight attendant)

Matt
    $400 19
flame

Anna-Lise
    $400 27
Ignatius of Loyola

Matt
    $600 9
a king cobra

Matt
    $600 14
the Colorado Rockies

Anna-Lise
    $600 3
insanity

Jia-Rui
    $600 23
the International Space Station

Matt
    $600 20
scald

Matt
    $600 28
[end-of-round signal sounds]

Spain

Matt
    $800 10
(Jai-Ri: What is Madeira?)

sherry

Jia-Rui
Triple Stumper
    $800 15
the Atlanta Braves

Matt
    $800 4
(Anna-Lise: What is to sleep & to wake?)

to sleep & to dream

Anna-LiseMatt
    $800 24
loop-the-loop

Anna-Lise
    $800 21
burn

Matt
    $1000 11
rattlesnake

Jia-Rui
    $1000 16
(Matt: Who are the Florida Marlins?)

the Tampa Bay Devil Rays (Tampa Rays accepted)

Jia-RuiMatt
    $1000 5
false eyelashes

Jia-Rui
    $1000 25
Jacqueline Cochran

Triple Stumper
    $1000 22
Lava

Anna-Lise

Scores at the first commercial break (after clue 16):

Anna-Lise Jia-Rui Matt
$200 $3,000 $2,600

Scores at the end of the Jeopardy! Round:

Anna-Lise Jia-Rui Matt
$2,400 $3,000 $6,200

Double Jeopardy! Round responses

EVERYTHING CHANGES AROUND HERE
SCIENCE
OFFICE HOLDERS
LUNAR FICTION
C.C: ME
BEFORE & AFTER
    $400 21
Beijing

Anna-Lise
    $400 6
vertebrae

Anna-Lise
    $400 11
(Gabrielle) Giffords

Jia-Rui
    $400 16
(Jules) Verne

Matt
    $400 26
Charlie Chaplin

Matt
    $400 1
Victoria's Secret agent

Matt
    $800 22
East Bengal (or East Pakistan)

Matt
    $800 7
a hybrid

Jia-Rui
    $800 12
(Robert) Gates

Matt
    $800 17
1999

Triple Stumper
    $800 27
Courteney Cox

Triple Stumper
    $800 2
Jelly Belly flop

Matt
    $1200 23
Zimbabwe

Matt
    $4,000 8
the Milky Way

Jia-Rui
    $1200 13
Pataki

Matt
    $1200 18
H.G. Wells

Triple Stumper
    $1200 28
[The end-of-round signal sounds.]

Chris Cooper

Matt
    $1200 3
conference call of duty

Matt
    $1600 24
Cincinnati

Triple Stumper
    $1600 9
pressure

Matt
    $1600 14
(Jia-Rui: Who is Freeh?)

Robert Mueller

Jia-Rui
Triple Stumper
    $1600 19
(Johannes) Kepler

Matt
    $1600 4
Portrait of a Lady Gaga

Matt
    $2000 25
Volgograd

Triple Stumper
    $2000 10
osmosis

Jia-Rui
    $3,000 15
Antonin Scalia

Matt
    $2000 20
(Robert) Heinlein

Matt
    $2000 5
fight or flight of the conchords

Jia-Rui

Scores at the end of the Double Jeopardy! Round:

Anna-Lise Jia-Rui Matt
$3,200 $10,600 $24,400
(lock game)

[wagering suggestions for these scores]

Final Jeopardy! Round responses

NOBEL PRIZE WINNERS
Anna-LiseWho was
$3,199
Jia-RuiWho was Grass
$6,000
MattWho is Kissinger?
$3,000
Winston Churchill

Final scores:

Anna-Lise Jia-Rui Matt
$1 $4,600 $21,400
3rd place: $1,000 2nd place: $2,000 New champion: $21,400

Game dynamics:

Coryat scores:

Anna-Lise Jia-Rui Matt
$3,200 $7,800 $23,400
7 R,
1 W
10 R
(including 1 DD),
2 W
30 R
(including 2 DDs),
1 W

Combined Coryat: $34,400

The J! Archive is created by fans, for fans. The Jeopardy! game show and all elements thereof, including but not limited to copyright and trademark thereto, are the property of Jeopardy Productions, Inc. and are protected under law. This website is not affiliated with, sponsored by, or operated by Jeopardy Productions, Inc. Join the discussion at JBoard.tv.